000 00278nam a2200109Ia 4500
008 190216s9999||||xx |||||||||||||| ||und||
100 _a"Reginald L Jones, George Trentin"
245 0 _aBudgeting Key To Planning And Control
260 _bNull
_c1971
300 _a255p
942 _cBK
999 _c3987
_d3987